|
|
|
|
| LEADER |
01098nam a22003017a 4500 |
| 001 |
43552 |
| 003 |
BD-DhAAL |
| 005 |
20241102203547.0 |
| 008 |
241021t20022007enka|||| |||| 00| 0 eng d |
| 020 |
|
|
|a 9780340804926
|
| 020 |
|
|
|a 0340804920
|
| 040 |
|
|
|a BD-DhAAL
|d BD-DhAAL
|
| 082 |
|
|
|a 658.314
|2 23
|
| 100 |
|
|
|a Somers, Matt.
|9 57000
|
| 245 |
|
|
|a Coaching in a week /
|c Matt Somers.
|
| 260 |
|
|
|a London :
|b Hodder & Stoughton,
|c ©2002 [Tenth impression 2007].
|
| 300 |
|
|
|a 96 pages :
|b illustrations ;
|c 20 cm.
|
| 490 |
|
|
|a In a week
|
| 500 |
|
|
|a At head of cover: Chartered Management Institute
|
| 541 |
|
|
|a Savar campus library
|e 43552
|
| 650 |
|
|
|a Employee motivation.
|
| 650 |
|
|
|a Labor productivity.
|9 7942
|
| 650 |
|
|
|a Personnel management.
|
| 710 |
|
|
|a Chartered Management Institute (Great Britain)
|
| 830 |
|
|
|a In a week
|9 56963
|
| 942 |
|
|
|2 ddc
|c BK
|
| 999 |
|
|
|c 47034
|d 47034
|
| 952 |
|
|
|0 0
|1 0
|2 ddc
|4 0
|6 658_314000000000000_SOM
|7 0
|9 76709
|a SCL
|b SCL
|c GEN
|d 2024-10-21
|e Savar Campus Library
|g 185.00
|l 0
|o 658.314 SOM
|p 3020043552
|r 2024-10-21
|t 1
|w 2024-10-21
|y BK
|x Price available in register.
|